500 mẫu văn phạm tiếng nhật trung cấp : 日本語中級文法の500サンプル / Tập 2

Sparad:
Bibliografiska uppgifter
Övriga upphovsmän: Lê Xuân Tùng (dịch.)
Materialtyp: Bok
Språk:Vietnamese
Japanese
Publicerad: Tp.HCM : Tổng hợp, 2005.
Ämnen:
Taggar: Lägg till en tagg
Inga taggar, Lägg till första taggen!
Thư viện lưu trữ: Mạng thư viện Đại học Đà Nẵng
LEADER 01197nam a22003131a 4500
001 000038779
003 15074
005 20210409102406.0
008 160412s2005 000
020 |a 45000 
040 |a lnn  |c lnn  |d lnn 
041 1 |a vie  |a jpn 
082 1 4 |a 495.65  |b Vă-P 
245 0 0 |a 500 mẫu văn phạm tiếng nhật trung cấp :  |b 日本語中級文法の500サンプル /  |c biên dịch Lê Xuân Tùng.  |n Tập 2 
246 3 1 |a Văn phạm tiếng Nhật =  |b 日本語中級文法の500サンプル 
260 |a Tp.HCM :  |b Tổng hợp,  |c 2005. 
300 |a 452 tr. :  |b ill. ;  |c 20,5cm. 
630 0 4 |a Nhật ngữ. 
650 0 4 |a Nhật ngữ  |x Ngữ pháp. 
700 1 |a Lê Xuân Tùng,  |e dịch. 
OWN |a LNN 
902 |a TKN 
AVA |a UDN50  |b LNN  |c Japanese-Korean-Thailander  |d 495.65 Vă-P  |e available  |t Error 5001 Not defined in file expand_doc_bib_avail.  |f 7  |g 0  |h N  |i 0  |j HN 
999 |a From the UDN01 
AVA |a UDN50  |b LNN  |c Japanese-Korean-Thailander  |d 495.65 Vă-P  |e available  |t Error 5001 Not defined in file expand_doc_bib_avail.  |f 7  |g 0  |h N  |i 0  |j HN 
TYP |a Monograph 
980 |a Mạng thư viện Đại học Đà Nẵng